| 000 | 00590nam a2200217Ii 4500 | ||
|---|---|---|---|
| 003 | JO-AjNU | ||
| 008 | 230606s9999||||xx |||||||||||||| ||und|| | ||
| 020 | _a0-02-404150-5 | ||
| 040 |
_aJO-AjNU _beng _erda _cJO-AjNU |
||
| 041 | _aeng | ||
| 050 | 1 | 4 | _aQA331.R6 1968 |
| 100 | 3 |
_aRoyden, H.L, _eauthor _95403 |
|
| 245 | 0 | 0 | _aReal Analysis |
| 250 | _a2 ed | ||
| 264 | 3 | 1 | _aNew York :Macmillan publishing, 1968 |
| 300 | _a349p | ||
| 336 |
_atext _btxt _2rdacontent |
||
| 337 |
_aunmediated _bn _2rdamedia |
||
| 338 |
_avolume _bnc _2rdacarrier |
||
| 650 | 4 |
_aMathematical Analysis. _95404 |
|
| 999 |
_aE2790 _c2788 _d2788 |
||